Detalles MARC
| 000 -LEADER |
| campo de control de longitud fija |
01681nam a2200301 i 4500 |
| 003 - IDENTIFICADOR DE NÚMERO DE CONTROL |
| campo de control |
peliumch |
| 005 - FECHA Y HORA DE LA ÚLTIMA TRANSACCIÓN |
| campo de control |
20260309162805.0 |
| 007 - CAMPO FIJO DE DESCRIPCIÓN FÍSICA--INFORMACIÓN GENERAL |
| campo de control de longitud fija |
ta |
| 008 - DATOS DE LONGITUD FIJA--INFORMACIÓN GENERAL |
| campo de control de longitud fija |
260309b |||||||| |||| 00| 0 eng d |
| 020 ## - NÚMERO INTERNACIONAL ESTÁNDAR DEL LIBRO |
| Número Internacional Estándar del Libro |
9789561429192 |
| 040 ## - FUENTE DE CATALOGACIÓN |
| Centro catalogador/agencia de origen |
UMCH |
| Lengua de catalogación |
spa |
| Centro/agencia transcriptor |
UMCH |
| Centro/agencia modificador |
jmr |
| Normas de descripción |
rda |
| 041 0# - CÓDIGO DE IDIOMA |
| Código de lengua del texto/banda sonora o título independiente |
spa |
| 043 ## - CÓDIGO DE ÁREA GEOGRÁFICA |
| Código de área geográfica |
s-pe--- |
| 082 ## - NÚMERO DE LA CLASIFICACIÓN DECIMAL DEWEY |
| Número de clasificación |
378.85/B297 |
| 100 1# - ENTRADA PRINCIPAL--NOMBRE DE PERSONA |
| Nombre de persona |
Fernando Bas, Margarita Guarello |
| Término indicativo de función/relación |
editores |
| 245 ## - MENCIÓN DEL TÍTULO |
| Título |
Prácticas docentes en educación continua universitaria : |
| Resto del título |
reflexiones sobre metodologías aplicadas / |
| Mención de responsabilidad, etc. |
Fernando Bas, Margarita Guarello, Editores |
| 264 #1 - PRODUCCIÓN, PUBLICACIÓN, DISTRIBUCIÓN, FABRICACIÓN Y COPYRIGHT |
| Producción, publicación, distribución, fabricación y copyright |
Chile ; |
| Nombre del de productor, editor, distribuidor, fabricante |
Ediciones UC |
| Fecha de producción, publicación, distribución, fabricación o copyright |
2021 |
| 264 #4 - PRODUCCIÓN, PUBLICACIÓN, DISTRIBUCIÓN, FABRICACIÓN Y COPYRIGHT |
| Fecha de producción, publicación, distribución, fabricación o copyright |
©2021 |
| 300 ## - DESCRIPCIÓN FÍSICA |
| Extensión |
520 páginas ; |
| Dimensiones |
17 x 24 cm |
| 505 0# - NOTA DE CONTENIDO CON FORMATO |
| Información miscelánea |
1: |
| Título |
Metodologías y prácticas para la educación en línea-- |
| Información miscelánea |
2: |
| Título |
Simulaciones como herramienta metodologíca-- |
| Información miscelánea |
3: |
| Título |
Enriquecimiento del que hacer pedagógico de profesores-- |
| Información miscelánea |
4: |
| Título |
Herramientas y plataformas-- |
| Información miscelánea |
5: |
| Título |
Metodologías de enseñañza-- |
| Información miscelánea |
6: |
| Título |
Modelos educativos. |
| 520 ## - RESUMEN, ETC. |
| Sumario, etc. |
Este libro recopila el trabajo de 24 docentes e investigadores, quienes desde diversas disciplinas entregan sus experiencias, propuestas metodológicas, recursos de aprendizaje y bibliografía actualizada para que lectores y lectoras puedan reflexionar acerca de sus propias prácticas docentes. La publicación surgió de múltiples conversaciones, encuentros, seminarios y, sobre todo, de la necesidad de compartir prácticas y metodologías en el ámbito de la educación continua. |
| 521 ## - NOTA DE PÚBLICO DESTINATARIO |
| Nota de público destinatario |
Recomendado para un público en general. |
| 942 ## - ELEMENTOS DE ENTRADA SECUNDARIOS (KOHA) |
| Fuente del sistema de clasificación o colocación |
Clasificación Decimal Dewey |
| Tipo de ítem Koha |
Libros |
| Suprimir en OPAC |
No |